000
00235 a2200109 4500
001
12603
090
_c
9613
_d
9613
100
_a
Hutchinson,J
245
_a
Nations as Zones of Conflict
260
_a
LONDON
_b
Lucem
_c
2005
300
_a
viii, 213 p.
942
_a
NUST-CAE
999
_c
247676
_d
247676